000 00298nam a2200121Ia 4500
008 190216s9999||||xx |||||||||||||| ||und||
100 _aNull
245 0 _aTowards A Self-Reliant Economy
260 _bPublications Division Govt. Of India
_c1962
300 _a120p
650 _aCommerce
942 _cBK
999 _c3854
_d3854